STN EN 13362: 2014 (80 6225), Geosyntetické zábrany. Vlastnosti požadované na použitie pri stavbe kanálov
Táto norma je slovenskou verziou európskej normy EN 13362: 2013. Preklad zabezpečil Slovenský ústav technickej normalizácie. Má rovnaké postavenie ako majú oficiálne verzie
| Corporate Author: | |
|---|---|
| Other Authors: | |
| Format: | Book |
| Language: | Slovak English |
| PhysicalDescription: | 40 s. obr., tab. 30 cm |
| Published: |
Bratislava
Slovenský ústav technickej normalizácie
2014
|
| Subjects: |
MARC
| LEADER | 00000cam a2200000 a 4500 | ||
|---|---|---|---|
| 001 | vtls010569205 | ||
| 003 | SK-MaSNL | ||
| 005 | 20260301133554.0 | ||
| 008 | 160429s2014 xo a f u 000 0 slo | ||
| 015 | |a SNBN2014 | ||
| 020 | |c (cen. skup. 6) | ||
| 040 | |a SNK |b slo |c SNK |e AACR2 | ||
| 041 | 1 | |a slo |h eng | |
| 044 | |a xo |c SK | ||
| 046 | |a s |m 201401 (účin.) | ||
| 072 | 7 | |a 624 |x Stavebné inžinierstvo |2 konspekt | |
| 080 | |a 624.138.2-036.7 |2 2011 | ||
| 080 | |a 006.7/.8 |2 2001 | ||
| 080 | |a (437.6) |2 2001 | ||
| 080 | |a (4) |2 2001 | ||
| 080 | |a (083.742) |2 2011 | ||
| 080 | |a 624.138.2.078.8 |2 2001 | ||
| 084 | |a 59.080.70 |2 ICS | ||
| 084 | |a 91.100.50 |2 ICS | ||
| 130 | 0 | |a STN 80 6225 (STN EN 13362) |9 361364 | |
| 245 | 1 | 0 | |a STN EN 13362: 2014 (80 6225), Geosyntetické zábrany. Vlastnosti požadované na použitie pri stavbe kanálov |
| 246 | 1 | 0 | |a Geosyntetické zábrany |
| 246 | 1 | 0 | |a Vlastnosti požadované na použitie pri stavbe kanálov |
| 246 | 3 | 0 | |a EN 13362: 2013 SK |
| 260 | |a Bratislava |b Slovenský ústav technickej normalizácie |c 2014 | ||
| 300 | |a 40 s. |b obr., tab. |c 30 cm | ||
| 500 | |a Súbežný názov v angličtine, francúzštine, nemčine | ||
| 500 | |a Spracovateľ: SUDOP Košice, Viktor Tóth | ||
| 500 | |a Táto norma nahrádza STN EN 13362 z novembra 2005 v celom rozsahu | ||
| 504 | |a Citované normy, súvisiace právne predpisy s. 2 ; literatúra s. 39 | ||
| 520 | 8 | |a Táto norma je slovenskou verziou európskej normy EN 13362: 2013. Preklad zabezpečil Slovenský ústav technickej normalizácie. Má rovnaké postavenie ako majú oficiálne verzie | |
| 540 | |a STN vydané na akomkoľvek nosiči sa môžu rozmnožovať a rozširovať iba so súhlasom určenej právnickej osoby |b SÚTN Bratislava |c zákon 264/1999 Z. z. | ||
| 650 | 0 | 7 | |a geosyntetika |2 SNKPH |9 23427 |
| 650 | 0 | 7 | |a technické normy a štandardy |z Slovensko |2 SNKPH |9 79594 |
| 650 | 0 | 7 | |a technické normy a štandardy |z krajiny Európskej únie |2 SNKPH |9 289341 |
| 650 | 0 | 7 | |a Geosynthetics |2 SNKPHeng |9 306954 |
| 650 | 0 | 7 | |a vystužovanie zemín |2 SNKPH |9 106506 |
| 650 | 0 | 7 | |a Soil reinforcement |2 SNKPHeng |9 417412 |
| 655 | 7 | |a normy |2 SNKPH |9 70643 | |
| 700 | 1 | |a Tóth, Viktor |4 trl |9 335386 | |
| 710 | 2 | |a SUDOP (Košice, Slovensko) |4 trl |9 335387 | |
| 710 | 2 | |a Slovenský ústav technickej normalizácie (Bratislava, Slovensko). |b Technická komisia č. 14 Geotechnika |4 stn |9 334125 | |
| 852 | |a Štátna vedecká knižnica v Banskej Bystrici | ||
| 958 | |a OP | ||
| 958 | |a NB | ||
| 999 | |c 754064 |d 755994 | ||
| 952 | |a SNK |b SNK |y PREZ |7 0 |p 17A1094942 |o snkSTN EN 13362 |i snk2014/4664 |8 0 |0 0 |1 0 |4 0 |d 2014-02-17 |l 0 |r 2026-02-23 23:43:51 |w 2026-02-23 | ||
| 952 | |a SNK |b SNK |y PREZ |7 0 |p 17A1094941 |o snkSTN EN 13362 D1 |i snk2014/4665 |8 0 |0 0 |1 0 |4 0 |d 2014-02-17 |l 0 |r 2026-02-23 23:43:51 |w 2026-02-23 | ||


